Zavedenie eura na Slovensku

Informácie o začiatku tohto procesu, o doterajšom legislatívnom vývoji v Slovenskej republike. Generálny zákon (zákon o zavedení meny euro v SR) - návrh.

Salvato in:
Dettagli Bibliografici
Autore principale: Cvečková, Mária
Altri autori: Demčáková, Iveta
Natura: Capitolo di libro
Lingua:slovacco
Soggetti:
Tags: Aggiungi Tag
Nessun Tag, puoi essere il primo ad aggiungerne!!

MARC

LEADER 00000naa$a2200000$$$4500
001 0068251
005 20231114095922.5
041 0 |a slo 
044 |a SK 
245 1 0 |a Zavedenie eura na Slovensku  |c Mária Cvečková, Iveta Demčáková 
520 |a Informácie o začiatku tohto procesu, o doterajšom legislatívnom vývoji v Slovenskej republike. Generálny zákon (zákon o zavedení meny euro v SR) - návrh. 
610 2 0 |a euro 
610 2 0 |a euromena 
610 2 0 |a Slovensko 
100 1 |a Cvečková, Mária 
700 1 |a Demčáková, Iveta